000 00876nam a2200265Ia 4500
003 OSt
005 20220926015338.0
006 a|||||r|||| 00| 0
007 ta
008 220923b |||||||| |||| 00| 0 eng d
020 _a978019026999
_c4725.00
037 _b2316, 04/03/2020, Dhanraj Book House
_cGeneral Book
040 _aRTL
_cRTL
_beng
041 _2eng
_aeng
082 _aX65:(S), Q7
100 _aBAKER H Kent
_9295699
245 0 _aFinancial Behavior
_b Players, services, products and markets.
260 _aNew York
_bOxford University Press
_c2017
300 _axxxi, 641p.
_ccm.
650 _aCommerce
700 _a FILBECK Greg
_9322017
700 _a RICCIARDI Victor
_9322018
942 _hX65:(S), Q7
_cGB
_2CC
999 _c631169
_d631169